000 01023nam a2200253 i 4500
001 19533
003 ES-MaACL
005 20240228155325.0
007 t|
008 021002m19691970sp ||||1| cat d
100 1 _aAbadal, Ramon d',
_d1888-1970
_917945
245 1 0 _aDels visigots als catalans /
_cRamon d'Abadal ; edició a cura de Jaume Sobrequés i Callicó.
250 _a[1ª ed.].
260 _aBarcelona :
_bEdicions 62,
_c[1969-1970]
300 _a2 v., 26 lám. :
_bil. ;
_c21 cm.
490 1 _aCol.lecció Estudis i documents ;
_v13-14
505 8 _aContiene: v. 1. La Hispània visigòtica i la Catalunya carolíngia -- ­ v. 2. La formació de la Catalunya independent
651 4 _aCataluña-
_xHistoria-
_yS.V-XV.
_9157495
651 7 _aEspaña-
_xHistoria-
_y0414-0711, Época visigoda
_2
_9162046
700 1 _aSobrequés i Callicó, Jaume.
_9106997
830 0 _aCol.lecció Estudis i documents ;
_v13-14
_9226563
852 _aES-MaACL
_jC-54893-4
_bR.70746
999 _c19533
_d19533